| 000 | 01359fam a2200325 a 4500 | ||
|---|---|---|---|
| 001 | 1537397 | ||
| 003 | ARRUPE | ||
| 005 | 20150109150014.0 | ||
| 008 | 931207s1994 njua b 001 0 eng | ||
| 010 | _a 93047445 | ||
| 020 |
_a0691033366 : _c$95.00 |
||
| 020 |
_a0691036691 : _c$39.50 |
||
| 035 | _a(OCoLC)29549251 | ||
| 035 | _a(OCoLC)ocm29549251 | ||
| 035 | _a(NNC)1537397 | ||
| 040 |
_aDLC _cDLC _dDLC |
||
| 050 | 0 | 0 |
_aQC174.12 _b.O46 1994 |
| 082 | 0 | 0 |
_a530.1/2 _220 |
| 100 | 1 |
_aOmnès, Roland. _913711 |
|
| 245 | 1 | 4 |
_aThe interpretation of quantum mechanics / _cRoland Omnès. |
| 260 |
_aPrinceton, N.J. : _bPrinceton University Press, _cc1994. |
||
| 300 |
_axiv, 550 p. : _bill. ; _c24 cm. |
||
| 490 | 1 | _aPrinceton series in physics | |
| 504 | _aIncludes bibliographical references (p. [533]-544) and index. | ||
| 505 | 0 | _a1. Elementary Quantum Mechanics -- 2. The Problems of Measurement Theory -- 3. Foundations and Properties -- 4. Histories -- 5. The Logical Framework of Quantum Mechanics -- 6. Recovering Classical Physics -- 7. Decoherence -- 8. Measurement Theory -- 9. Questioning Quantum Mechanics -- 10. Nonclassical Macroscopic Systems -- 11. Experiments -- 12. Summary and Outlook. | |
| 650 | 0 |
_aQuantum theory. _913712 |
|
| 830 | 0 |
_aPrinceton series in physics. _913186 |
|
| 900 | _bTOC | ||
| 942 |
_2lcc _cMONOGRAPH |
||
| 999 |
_c121585 _d121585 |
||